Регионална библиотека "Любен Каравелов" - Русе

Забавни лабиринти (Запис номер 387606)

MARC детайли
000 -Лидер
Контролно поле с фиксирана дължина nam a22 a 4500
003 - Код на организацията, давaща контролен номер
Контролно поле BLK
005 - Дата и час на последна редакция
Контролно поле 20230204121421.0
008 - Елементи от данни с фиксирана дължина
fixed length control field 200911b bu |||||||||| 00| | bu d
020 ## - Международен стандартен номер на книга ISBN
Международен стандартен номер на книга ISBN 978-619-7386-27-1
040 ## - Източник на каталожния запис
Идентификатор на билиотеката - собственик на записа BLK
041 ## - Код за език
Код за езика на текст/звукозапис или на отделно заглавие Български
Код за езика КДБФ Български
080 ## - УДК
Текстов определител УДК Издания за деца и юноши. Книжки-картинки. Читанки. Вж и 372.4
УДК код - определител по УДК 087.5
УДК - код + определител 087.5
100 ## - Редна дума - Автор
Автор Робсън, Кирстин
Авторска отговорност първи автор
R(LIN) 1299
139 ## - Редно поле
Редна дума Робсън, Кирстин
Авторски знак Робо - Р 70
245 ## - Сведения за заглавието
Заглавие Забавни лабиринти
Подзаглавни данни текст Кирстин Робсън ; ил. Рут Ръсел и др. ; прев. Виктория Илиева
260 ## - Област на издателските данни
9 (RLIN) 216689
Място на издаване, разпространение и проч. София
Име на издателя, разпространителя и проч. Клевър Бук
Година на издаване 2019
Печатница Пловдив : Жанет 45
300 ## - Физическа характеристика
Страници 32 с.
Илюстрации и др. с цв. ил.
Размери/Мащаб 29 см
380 ## - Жанр
Жанр Детска отраслова лит.
500 ## - Общи забележки
Забележка Ориг. загл., установено от доп. източник: Big maze book / Kirsteen Robson. - Други ил.: Найра Еверъл, Кандис Уотмор.
700 ## - Други автори (авторска отговорност)
9 (RLIN) 966
Лично име Илиева, Виктория
Автороска отговорност (Описва отношението между автора и произведението) прев.
852 ## - Местоположение
Фондова буква Хранилище
Форматна сигнатура Цб ІІ 25532
999 ## - СИСТЕМНИ КОНТРОЛНИ НОМЕРА
Koha biblionumber 387606
Koha biblioitemnumber 387606
942 ## - АРТИКУЛИ
Вид на библиотечния материал Книги
Скрит в OPAC Не
Периодичен библиозапис Да
Koha issues (borrowed), all copies 5
944 ## - СЪЗДАВАНЕ И РЕДАКЦИЯ на ЗАПИСА
Създаване/Редакция Създаване
Дата на регистрацията/редакция 2020-09-11
Служител, извършил регистрацията/редакцията Мартин Енчев
944 ## - СЪЗДАВАНЕ И РЕДАКЦИЯ на ЗАПИСА
Създаване/Редакция Редакция
Дата на регистрацията/редакция 2020-09-14
Служител, извършил регистрацията/редакцията гц
999 ## - СИСТЕМНИ КОНТРОЛНИ НОМЕРА
Koha biblioitemnumber 387606
999 ## - СИСТЕМНИ КОНТРОЛНИ НОМЕРА
Koha biblioitemnumber 387606
999 ## - СИСТЕМНИ КОНТРОЛНИ НОМЕРА
Koha biblioitemnumber 387606
999 ## - СИСТЕМНИ КОНТРОЛНИ НОМЕРА
Koha biblioitemnumber 387606
Наличности
Код за отписване Код за изгубен артикул Източник на класификационната схема Код за повреда Код за отдаване Артикулен № Име на библиотеката - собственик Име на библиотеката, в която се намира в момента Статус (Текущо местоположение) Дата на вписване в системата Местоположение - отдел Цена в лева Систематично азбучна сигнатура Баркод Цена в евро Служебен тип на артикула Коз за рестрикции
  Не е изгубен Universal Decimal Classification Не е повреден ползва се в читалня 798963 Регионална библиотека "Любен Каравелов" Русе Регионална библиотека "Любен Каравелов" Русе Хранилище 2020-09-14 Хранилище 5.99 Цб ІІ 25532 120000846213 3.06 Книги  
  Не е изгубен Universal Decimal Classification Не е повреден заемане за дома 872383 Регионална библиотека "Любен Каравелов" Русе Регионална библиотека "Любен Каравелов" Русе Детски отдел 2022-02-16 Детски отдел 4.49 087.5/Р 70 К 120000866052 2.30 Книги без рестрикции
  Не е изгубен Universal Decimal Classification Не е повреден заемане за дома 872384 Регионална библиотека "Любен Каравелов" Русе Регионална библиотека "Любен Каравелов" Русе Детски отдел 2022-02-16 Детски отдел 4.49 087.5/Р 70 К 120000866053 2.30 Книги без рестрикции
Vip Innovations Ltd, Rousse, Bulgaria 2025